państwa na literę a - Statystyki

Ogólne statystyki
  • Ten quiz został rozwiązany 42 razy
  • Średni wynik to 10 z 12
Statystyki odpowiedzi
kontynent kraj % Poprawnych
Europa Andora
93%
Europa Austria
90%
Azja Afganistan
88%
AmerykaPołudniowa Argentyna
88%
Australia Australia
88%
Europa Albania
83%
Azja Armenia
83%
Afryka Angola
80%
Azja Azerbejdżan
80%
Afryka Algieria
78%
Ameryka Północna Antigua i Barbuda
70%
Azja Arabia saudyjska
68%
Nie znaleziono quizów pasujących do podanych kryteriów
Rozkład punktacji
Procent ludzi z każdym wynikiem
Percentyl według liczby udzielonych odpowiedzi
Twoja historia wyników
Nie rozwiązałeś tego quizu